000 00301nam a22001337a 4500
008 170508b xxu||||| |||| 00| 0 eng d
020 _a9781587789830
041 _aeng
080 _a343.9
100 _a15
101 _ashj
245 _aCRIMINAL PROCEDURE STORIES
_cSTEIKER, C.S
942 _2udc
_cBK
999 _c13000
_d13000